Benchmark (Record no. 75456)

MARC details
000 -LEADER
fixed length control field 00579cab a2200169 4500
001 - CONTROL NUMBER
control field L130118
008 - FIXED-LENGTH DATA ELEMENTS--GENERAL INFORMATION
fixed length control field 050624n2005 000 0 eng u
035 ## - SYSTEM CONTROL NUMBER
System control number (Sirsi) u130118
041 ## - LANGUAGE CODE
Language code of text/sound track or separate title eng
245 ## - TITLE STATEMENT
Title Benchmark
Remainder of title new build/RMI output
260 ## - PUBLICATION, DISTRIBUTION, ETC.
Date of publication, distribution, etc. 2005
490 ## - SERIES STATEMENT
Series statement Contract Journal
Volume/sequential designation 428(6528) 8 June 2005, 10(1)
520 ## - SUMMARY, ETC.
Summary, etc. Details on UK output figures for new build and Repair, Maintenance and Improvement (RMI) output in the infrastructure and private commercial subsectors.
590 ## - LOCAL NOTE (RLIN)
Local note IKA040705
690 ## - LOCAL SUBJECT ADDED ENTRY--TOPICAL TERM (OCLC, RLIN)
Topical term or geographic name as entry element BUILT ENVIRONMENT-CONSTRUCTION MARKET
942 ## - ADDED ENTRY ELEMENTS (KOHA)
Suppress in OPAC 0
Holdings
Withdrawn status Lost status Source of classification or shelving scheme Damaged status Not for loan Home library Current library Shelving location Date acquired Total Checkouts Full call number Barcode Date last seen Copy number Price effective from Koha item type
    Dewey Decimal Classification     London London Journal article 27/06/2005   L130118 130118-1001 06/08/2019 1 06/08/2019 Journal article